00599nam a22001937a 450000500170000001000260001702000260004303500290006903700160009803700140011408200110012810000170013924500940015626000300025027000630028030000240034370000160036770000220038320180501140907.0 a1718EN-30 ENG-122836 a9789385152719c395.00 aB-682542-562 EN-106368 bAakar adpl bDBAD/PUB. a158.12 aNewmark, Amy aChicken soup for the IItian's soul / cby Amy Newmark, Juuhi Raai [and] Deepak Farmania  aNew DelhibWestlnd c2015 a93, I Floor, Sham Lal Road, Daryaganj, bNew Delhie110002v axi,383p.c19cm(pbk) aRaai, Juuhi aFarmania, Deepak